01233naa#a2200253#i#4500001001600000005001700016011001400033100004100047101000800088102000700096200020700103210010500310215001100415608004500426675012700471700005400598700005000652700005600702700005200758700003000810700006000840700005200900856002700952RU\\bibl\12653620260630183143.2##a2074-9414##a20260630b2026####ek#y0rusy0150####ca0#aRUS##aRU1#aЦелевые и нецелевые методы оценки качества рыбного сырья: обзор на примере радужной форелиeЖурнальная статья1#aКемеровоcКемеровский государственный университетd2026##a16 с.##aЖурнальная статья2local##aСельское хозяйство. Лесное хозяйство. Охота. Рыбное хозяйство. 63zRUS#1aКутузовgМихаил Николаевич#1aБеловаgМария Алексеевна#1aНовиченкоgОльга Викторовна#1aНикитинgИгорь Алексеевич#1aЗаруалgХишам #1aВишняковgВладислав Сергеевич#1aВилковаgДарья Дмитриевна4#ajstrategizing.kemsu.ru